00674nam a2200181 a 450000100100000000500170001000800410002702000150006804000250008308200150010824500510012326000360017430000340021050400290024470000240027395201780029799900170047500004220820201002040015.0131119s1980 nyua 000 0 spa d a0316817570 aDO-SdBNPbspacBNPHU axxxbH675n00aHitler norman stone /cintrod. by J. H. Plumb. aBoston :bLittle, Brown,c1980. axii, 195 p. :bill. ;c24 cm. aBibliographical: 182-18512aPlumb, J. H.969226 001050718MOaGRbGRcCTd2013-11-19iLF1l0oxxx H675np42208-10r2020-06-25w2020-06-25y1zPerteneció a la biblioteca personal de Germán Emilio Ornes.ZNo se presta c41697d41697